| 000 | 00859nam a2200241 a 4500 | ||
|---|---|---|---|
| 001 | 000011352 | ||
| 005 | 20200929162427.0 | ||
| 008 | 091016s1988 pr 000 0 spa d | ||
| 020 | _a0847735214 | ||
| 040 |
_aDO-SdBNP _bspa _cBNPHU |
||
| 082 |
_a862.44 _bM357l |
||
| 100 | 1 |
_aMárquez Villanueva, Francisco _d1931- _926958 |
|
| 245 | 1 | 0 |
_aLope : _bvida y valores / _cFrancisco Márquez Villanueva. |
| 260 |
_aSanto Domingo : _bUniversida de Puerto Rico, _c1988. |
||
| 300 |
_a369 p. : ; _c23 cm. |
||
| 500 | _aIncluye índice Onosmático | ||
| 500 | _aIncluye notas al pie de páginas | ||
| 500 | _aIncluye datos biográficos del autor en la solapas del documentos | ||
| 600 | 1 | 4 |
_aVEGA, LOPE DE _d1562-1635 _xCRÍTICA E INTERPRETACIÓN _913856 |
| 600 | 1 | 4 |
_aVEGA, LOPE DE _d1562-1635 _xÉTICA _926959 |
| 650 | 4 |
_aLiteratura española _9632 |
|
| 049 | _aBNPD | ||
| 999 |
_c11059 _d11059 |
||